000 00699nam a2200253Ia 4500
003 OSt
005 20220918222217.0
006 a|||||r|||| 00| 0
007 ta
008 220917b |||||||| |||| 00| 0 eng d
024 _a216,035
037 _cTextual
040 _aARTS
_cARTS
_beng
041 _2eng
_aeng
082 _a2:(Y:435:5), P3(2D)
100 _aKahn Miriam B.
_9142454
245 0 _aDisaster response and planning for libraries
250 _a2nd
260 _aChicago
_bAmerican library association
_c2003
300 _axi, 152 p
_ccm.
650 _aLIBRARY SCIENCE
942 _h2:(Y:435:5), P3(2D)
_cTEXL
_2CC
999 _c274795
_d274795